| LEADER 01174nam 2200277 a 4500 |
| 001 13399124969 |
| 003 ULIBM |
| 008 030417s2553 th a sb 001 0 tha |
| 099 ^aว ผม.มธ. 9 2553 |
| 100 0 ^aสุธินี พริ้มขจีพงศ์. |
| 245 10 ^aความคิดเห็นของผู้อยู่อาศัยในชุมชนดั้งเดิมที่มีต่อการอนุรักษ์อาคารในชุมชนถนนหลังสวน จังหวัดชุมพร /^cสุธินี พริ้มขจีพงศ์. |
| 260 ^aกรุงเทพฯ :^bมหาวิทยาลัยธรรมศาสตร์,^c2553. |
| 300 ^aหน้าไม่เรียงลำดับ. |
| 500 ^aวิทยานิพนธ์ การผังเมืองบัณฑิต, 2553. |
| 650 7 ^aการอนุรักษ์อาคาร^xชุมชน. |
| 650 7 ^aชุมชนถนนหลังสวน^zชุมพร. |
| 710 0 ^aยงธนิศร์ พิมลเสถียร, ^eอาจารย์ที่ปรึกษา. |
| 856 ^uhttps://digital.library.tu.ac.th/tu_dc/frontend/Info/item/dc:339122 ^zเอกสารฉบับเต็ม (ดูรายบทคลิกที่ Bookmarks) |
| 913 ^aImported by ULIBM Administrator |
| 949 ^aImport form external file by ULIBM system |